1313 1343 1937 1391 1590 1620 1882 1552 1650 1652 1060 1913 1092 1817 1280 1995 1464 1277 1230 1725 1864 1627 1666 1929 1743 1122 1439 1032 1257 1037 1781 1132 1371 1646 1077 1421 1716 1687 1226 1698 1196 1774 1855 1167 1656 1651 1237 1682 1191 1209 1699 1211 1679 1795 1514 1876 1312 1345 1456 1278 1717 1549 1711 1562 1558 1172 1403 1670 1281 1988 1958 1505 1513 1436 1362 1080 1643 1033 1860 1257 1367 1675 1813 1852 1811 1890 1704 1037 1244 1185 1187 1686 1896 1184 1314 1174 1871 1452 1194 BCNSPRNW ULIB Ver.6.0+V

เปลี่ยนเป็นภาษาไทย

Change to English
 แสดงรายละเอียดบรรณานุกรม
  กลับหน้าหลัก

Brief Record : Get Marc (ISO 2709) : E-mail record : QR code < ปิดหน้าต่าง
LEADER : 00000nam 2200000uu 4500
001    13399110736
003     ULIB
008    110608s2553||||th 000 0 tha d
020    9789744141323
050  4 HQ801^bก761ร 2553
100 0  เกรซ
245 10 รหัสลับ รหัสรัก =^bThe love secret /^cผู้เขียน เกรซ
246 31 The love secret
250    พิมพ์ครั้งที่ 1
260    กรุงเทพฯ :^bดีไลท์พับลิชชิ่ง,^c2553
300    133 หน้า ;^c21 ซม.
650  7 ความรัก
650  7 บุรุษ^xจิตวิทยา
650  7 สตรี^xจิตวิทยา
945    ^p120^l0^i18254
995    กัณชพร
999    ^aใช้งานได้ทุกระบบ
รายการนี้ยังไม่มีแท็ก
คุณยังไม่ได้ล็อกอิน คุณสามารถมีกิจกรรมร่วมกับเว็บไซต์ได้ แต่ต้องล็อกอินก่อน ::
  ล็อกอิน

รายการสื่อสารสนเทศ

ลำดับที่ ประเภท เลขเรียก/บาร์โค้ด สถานที่ สถานะ
- ไม่พบข้อมูล -

รายการใกล้เคียง
    ผู้แต่ง [เกรซ]

    หัวเรื่อง [ความรัก]

BibComment


ยังไม่เคยถูกคอมเมนท์

คอมเมนท์ทรัพยากรรายการนี้
  คอมเมนท์: รหัสลับ รหัสรัก ..


 Copyright 2026. Bcnsprnw @Library